000 02814cam a2200337 4500500
005 20260329005612.0
041 _afre
042 _adc
100 1 0 _aLaurindo da Silva, L.
_eauthor
245 0 0 _aLes modalités de consommation de drogues chez les prostitués masculins
260 _c2006.
500 _a23
520 _aRésuméCet article s’intéresse aux modalités de consommation des produits licites et illicites, chez les prostitués masculins, et le sens qu’ils y donnent. Il rend compte d’une recherche menée, par questionnaire, auprès de 252 prostitués (124 travestis et 128 garçons de passe), parmi lesquels 30 (15 de chaque catégorie) ont accordé, en plus, un entretien approfondi. D’après les données quantitatives 79 % consommaient régulièrement de l’alcool, 75 % du tabac et 56 % du cannabis. Dans les 30 jours précédant l’enquête, 14 % ont déclaré un usage de somnifères, 13 % de poppers, 8 % de cocaïne et 7 % d’ecstasy. Cependant, les entretiens indiquent que tous ne portent pas le même regard sur ces différents produits et que plusieurs logiques de consommation s’en dégagent, ouvrant à des perceptions diversifiées selon le contexte de consommation et leur posture à l’égard de la prostitution.
520 _aThis article deals with the modalities of licit and illicit drug consumption among male prostitutes and the meanings attributed to them. It is an account of a research carried out with a questionnaire, among 252 prostitutes (124 transvestites and 128 hustlers), of which 30 (15 of each category) agreed to an in depth interview. According to the quantitative data, 79 % regularly consumed alcohol, 75 % tobacco, and 56 % cannabis. During the 30 days preceding the research, 14 declared to have used sleeping pills, 13 % poppers, 8 % cocaine, and 7 % ecstasy. However, the interviews showed that not all of them shared the same views on the different substances and that many different consumption logics could be detected, pointing to different perceptions according to the context in which consumption occurred and their position in regard to prostitution.
690 _adistanciation du cadre professionnel
690 _adrogues
690 _agarçons de passe
690 _alogiques de consommation
690 _aperformance professionnelle
690 _aprostitution masculine
690 _atravesti
690 _aconsumption logics
690 _adistance from the job market
690 _adrugs
690 _ahustlers
690 _amale prostitution
690 _aprofessional performance
690 _atransvestite
786 0 _nSanté Publique | 18 | 2 | 2006-06-01 | p. 207-221 | 0995-3914
856 4 1 _uhttps://stm.cairn.info/revue-sante-publique-2006-2-page-207?lang=fr&redirect-ssocas=7080
999 _c1844910
_d1844910